Vládcové oceánů : válečné lodě 1900 až 1945 /

Uložené v:
Podrobná bibliografia
Hlavný autor: Grégr, René (Author)
Ďalší autori: Pavlásek, František (Author of introduction, etc.)
Médium: Kniha
Jazyk:Czech
Vydané: Praha : Naše vojsko, 1974.
Vydanie:2. preprac. vyd.
Edícia:Mars ; sv. 12
Mars sv. 12
ISBN: (viaz.) :
Fyzický popis: 299 s. : obr., fotogr., mp.
Tagy: Pridať tag
Žiadne tagy, Buďte prvý kto otaguje tento záznam!

MARC

LEADER 00000nam a22000001 4500
001 000171822
005 20090930145818.0
008 970429s1974 xr e cze d
020 |a (viaz.) : 
040 |a SVKKK  |b slo  |c SVKKK  |e AACR2 
041 0 |a cze 
044 |a xr  |c Cz 
080 |a 623.82"19"+355.49(091) 
100 1 |a Grégr, René  |4 aut 
245 1 0 |a Vládcové oceánů :  |b válečné lodě 1900 až 1945 /  |c René Grégr ; predhovor: František Pavlásek. 
250 |a 2. preprac. vyd. 
260 |a Praha :  |b Naše vojsko,  |c 1974. 
300 |a 299 s. :  |b obr., fotogr., mp. 
440 0 |a Mars ;  |v sv. 12 
500 |a 20000 výt. 
700 1 |a Pavlásek, František  |4 aui 
830 0 |a Mars  |v sv. 12 
910 |a svkkk 
998 |a BK 
090 |g SCKHL  |k Sklad Hlavná 10 suterén  |a I.43517  |j 511741  |i 2720622619  |s Absenčne